Normal view
MARC view
- U.B. Chopra
Entry Personal Name
001 - CONTROL NUMBER
- control field: 25546
003 - CONTROL NUMBER IDENTIFIER
- control field: NUST
005 - DATE AND TIME OF LATEST TRANSACTION
- control field: 20191112122355.0
008 - FIXED-LENGTH DATA ELEMENTS
- fixed length control field: 191112|| aca||aabn | a|a d
040 ## - CATALOGING SOURCE
- Original cataloging agency: NUST
- Transcribing agency: NUST
100 ## - HEADING--PERSONAL NAME
- Personal name: U.B. Chopra
670 ## - SOURCE DATA FOUND
- Source citation: Work cat.: (NUST): U.B. Chopra, Basic Facts On Civil Engineering, p;334
